000 00662nam a2200205Ia 4500
003 GCL
008 140319s9999 xx 000 0 ara d
020 _a4156232977
040 _aGCL /
_cGCL
082 0 4 _a812.9
_bم ا
100 1 _aمحمد الدالى
245 1 0 _aالادب المسرحى المعاصر /
_cمحمد الدالى
250 _aالاولى
260 _aالقاهرة :
_bعالم الكتب ،
_c2006
300 _a340 ص ؛
_c24 سم
650 0 4 _aالابداع الادبى والفنى
650 0 4 _aالمسرحيات السياسية
650 0 4 _aالمسرحيات العربية - تاريخ ونقد
942 _2ddc
_cBK
999 _c9742
_d9742